| 000 | 00633nam a2200193 a 4500 | ||
|---|---|---|---|
| 001 | 000023008 | ||
| 005 | 20200930021928.0 | ||
| 008 | 101124s1999 sp ad r 000 0 spa d | ||
| 020 | _a1563281287 | ||
| 040 |
_aDO-SdBNP _bspa _cBNPHU |
||
| 082 |
_axxxxx _bF314f |
||
| 100 | 1 |
_aFeliciano Rivera, José Raúl _947333 |
|
| 245 | 1 | 4 |
_aLas fórmulas de la redacción / _cJosé Raúl Feliciano Rivera. |
| 260 |
_aMadrid : _bPlaza Mayor, _c1999. |
||
| 300 |
_a223 p. : _bil., retrs. ; _c26 cm. |
||
| 500 | _aIncluye referencia biográfica del autor en la contracubierta. | ||
| 500 | _aIncluye notas al pie de las páginas. | ||
| 049 | _aBNGR | ||
| 999 |
_c22505 _d22505 |
||